000 00413nam a2200157Ia 4500
008 130318s9999 xx 000 0 und d
020 _a471172073
082 _a658.4012 DAY/W
100 _aDay, Feorge S
245 _aWharton on dynamic competitive strategy
260 _bJW
_aNew York
_c1997
300 _a465
650 _aEXECUTIVE MANAGEMENT
650 _aSTRATEGIC MANAGEMENT
700 _aReibstein, David J
999 _c362
_d362